Normal view
MARC view
- Colorimetry
Entry Topical Term
001 - CONTROL NUMBER
- control field: 96011
003 - CONTROL NUMBER IDENTIFIER
- control field: NUST
005 - DATE AND TIME OF LATEST TRANSACTION
- control field: 20220801115703.0
008 - FIXED-LENGTH DATA ELEMENTS
- fixed length control field: 220801|| aca||aabn | a|a d
040 ## - CATALOGING SOURCE
- Original cataloging agency: NUST
- Transcribing agency: NUST
150 ## - HEADING--TOPICAL TERM
- Topical term or geographic name entry element: Colorimetry
670 ## - SOURCE DATA FOUND
- Source citation: Work cat.: (NUST)175436: Westland, Stephen. 96010, Computational colour science using MATLAB /, c2004.
